000 00198 a2200097 4500
001 1789
100 _aAvery, M.F.
245 _aMethods Engineering
260 _a
_bMacdonald
_c
090 _c1320
_d1320
942 _aNUST-CAE
_cM
_c3559
999 _c236862
_d236862